000 00702nam a2200229Ia 4500
001 16922
003 GE_BSU
008 181216s||||||||xx |||||||||||||| ||und||
040 _cGE_BSU
080 _a821.353.1-4
100 _aდავითაშვილი, მ.
245 _aქართული ბარაქა
245 _bნარკვევები
245 _cრედ.კ.ლოლაძე
260 _aთბილისი
260 _bსაქ. კპ ცკ-ის გამ-ბა
260 _c1959
300 _a248 გვ. : ილ. ; 21 სმ
653 _aნარკვევები
653 _aქართული ბარაქა
942 _cBK
999 _c49986
_d49986